Missing Word: Netflix Original Series Quiz Stats

 Plays Quiz Updated Mar 20, 2015

Challenge
Share
Tweet
Embed
Score 0/10 Timer 03:00
3 Plays Today
Show Name Missing Word % Correct
Orange is the _____ BlackNew
99.6%
_____ of CardsHouse
98.6%
The Adventures of _____ in BootsPuss
91.9%
_____ PoloMarco
80%
Richie _____Rich
70.4%
All _____ King JulienHail
62.5%
_____ Kimmy SchmidtUnbreakable
44.5%
Hemlock _____Grove
42.8%
BoJack _____Horseman
39.9%
_____ FASTTurbo
8.1%

Today's Daily Dose

Missing Word
Entertainment 'L'

Word Ladder
Fingers

Quick Pick
When in Rome

On This Day
December 15th II

You're not logged in!

Compare scores with friends on all Sporcle quizzes.
OR
Log In

You Might Also Like...

Show Comments

Extras

Top Quizzes Today


Score Distribution

Your Account Isn't Verified!

In order to create a playlist on Sporcle, you need to verify the email address you used during registration. Go to your Sporcle Settings to finish the process.

Report this User

Report this user for behavior that violates our Community Guidelines.

Details: